000 00880 a2200253 4500
003 OSt
005 20180116192325.0
008 120229t xxu||||| |||| 00| 0 eng d
010 _a 00013153
020 _a0300087985 (alk. paper)
020 _a0300087993 (pbk. : alk. paper)
040 _c0
082 0 0 _a726.5094
100 1 _aFrankl, Paul,
_9300
245 1 0 _aGothic architecture /
_cPaul Frankl ; revised by Paul Crossley.
260 _aNew Haven, CT :
_bYale University Press,
_c2000.
300 _a408 p. :
_bill. (some col.), maps ;
_c30 cm.
440 0 _aYale University Press Pelican history of art
_9301
650 0 _aChurch architecture
_zEurope.
_9302
650 0 _aArchitecture, Gothic
_zEurope.
_9303
700 1 _aCrossley, Paul,
_d1945-
_9304
942 _aSADA
_cBK
_k726.5094 FRA 2000
_2ddc
999 _c352175
_d352175